Big 4 'S' Team Blitz Quiz Stats

 Plays Quiz Updated Aug 15, 2013

Challenge
Share
Tweet
Embed
Score 0/9 Timer 01:00
9 Plays Today
Big 4 'S' Teams % Correct
Seahawks
90.5%
Saints
67.9%
Spurs
67.6%
Steelers
60%
Sharks
56.3%
Suns
54.2%
Stars
50.3%
Senators
48.1%
Sabres
42.6%

You're not logged in!

Compare scores with friends on all Sporcle quizzes.
OR
Log In

You Might Also Like...

Show Comments

Extras

Top Quizzes Today


Score Distribution

Your Account Isn't Verified!

In order to create a playlist on Sporcle, you need to verify the email address you used during registration. Go to your Sporcle Settings to finish the process.

Report this User

Report this user for behavior that violates our Community Guidelines.

Details: